| Tag |
First Indicator |
Second Indicator |
Subfields |
| LEADER |
00000cam a2200000 4500 |
| 001 |
in00000052355 |
| 005 |
20151007070112.0 |
| 008 |
800529s1934 enka b 00010 eng |
| 010 |
|
|
|a 35010846
|
| 035 |
|
|
|a (OCoLC)06369353
|
| 035 |
|
|
|9 AAE3338AM
|
| 040 |
|
|
|a DLC
|c TXA
|d UtOrBLW
|
| 049 |
|
|
|a TXAM
|c [102848]
|
| 050 |
|
0 |
|a QE31
|b .S45 1934
|
| 082 |
0 |
|
|a 550
|
| 092 |
|
|
|a 550
|b S528u2
|
| 100 |
1 |
|
|a Shand, S. James
|q (Samuel James),
|d 1882-
|
| 245 |
1 |
0 |
|a Useful aspects of geology ;
|b an introduction to geological science for engineers, mining men, prospectors and all interested in the mineral industries /
|c by S. J. Shand ...
|
| 250 |
|
|
|a 2d ed., rev. and amplified.
|
| 264 |
|
1 |
|a London :
|b T. Murby & Co.,
|c 1934.
|
| 300 |
|
|
|a 183 pages :
|b illustrations, diagrams ;
|c 19 cm.
|
| 336 |
|
|
|a text
|b txt
|2 rdacontent
|
| 337 |
|
|
|a unmediated
|b n
|2 rdamedia
|
| 338 |
|
|
|a volume
|b nc
|2 rdacarrier
|
| 504 |
|
|
|a Includes bibliographies.
|
| 650 |
|
0 |
|a Geology.
|
| 999 |
|
|
|a MARS
|
| 999 |
f |
f |
|s 6f9e8b5b-0f27-351a-954d-f895c13e6a63
|i 5caf61ad-08de-385c-a0e2-c104255df287
|t 0
|
| 952 |
f |
f |
|p ric
|a Texas A&M University
|b Rellis Campus
|c Joint Library Facility
|s JLF
|d Remote Storage
|t 0
|e QE31 .S45 1934
|h Library of Congress classification
|i unmediated -- volume
|m A14800948881
|
| 998 |
f |
f |
|a QE31 .S45 1934
|t 0
|l Remote Storage
|